[Event "Croce di Magara op"]
[Site "Camigliatello"]
[Date "2005.09.18"]
[Round "8"]
[White "Amodei, Diego"]
[Black "Levato, Biagio"]
[Result "1-0"]
[WhiteElo "1655"]
[BlackElo "1480"]
[PlyCount "129"]
[EventDate "2005.09.10"]
[EventType "swiss"]
[EventRounds "9"]
[EventCountry "ITA"]
[SourceTitle "EXT 2007"]
[Source "ChessBase"]
[SourceDate "2006.11.23"]
[SourceVersion "1"]
[SourceVersionDate "2006.11.23"]
[SourceQuality "1"]

1. d4 Nf6 2. c4 g6 3. Nc3 Bg7 4. e4 d6 5. Be3 0-0 6. h3 c5 7. dxc5 dxc5 8. Qxd8 Rxd8 9. Bxc5 Nc6 10. Nf3 Nd7 11. Be3 Nb4 12. Rc1 Bxc3+ 13. bxc3 Nc6 14. Be2 b6 15. Nd4 Bb7 16. f3 Rac8 17. Kf2 Na5 18. Nb5 a6 19. Na3 Nc5 20. Bd4 Nc6 21. Rhd1 e5 22. Bxc5 Rxd1 23. Rxd1 bxc5 24. Rd7 Nd8 25. Nc2 Kf8 26. Ne3 Ke8 27. Rd2 Ne6 28. Nd5 f5 29. Nf6+ Ke7 30. Rd7+ Kxf6 31. Rxb7 h6 32. Rb6 Ra8 33. Bd1 Ke7 34. Bc2 Rd8 35. Ke1 Nf4 36. Kf1 Rd2 37. Bb3 Rxg2 38. exf5 gxf5 39. Rxh6 Rg3 40. Bd1 Nxh3 41. Rxa6 Rg1+ 42. Ke2 Rg2+ 43. Ke3 Nf2 44. Be2 f4+ 45. Kd2 Nh3 46. Ke1 Rg3 47. Rc6 e4 48. fxe4 f3 49. Bf1 Ng5 50. Rxc5 Kd6 51. Rd5+ Ke6 52. Bd3 Rg2 53. Kf1 Nh3 54. Ke1 Rg1+ 55. Kd2 f2 56. Rf5 Rg2 57. Bf1 Rh2 58. Ke3 Rh1 59. Bxh3 Rxh3+ 60. Kd4 Rh2 61. a4 Rh1 62. Rxf2 Ra1 63. Rf5 Rxa4 64. Rd5 Ra1 65. c5 1-0

[Event "Croce di Magara op"]
[Site "Camigliatello"]
[Date "2005.09.11"]
[Round "4"]
[White "Amodei, Diego"]
[Black "Scalise, Sandro"]
[Result "1-0"]
[WhiteElo "1655"]
[BlackElo "1595"]
[PlyCount "109"]
[EventDate "2005.09.10"]
[EventType "swiss"]
[EventRounds "9"]
[EventCountry "ITA"]
[SourceTitle "EXT 2007"]
[Source "ChessBase"]
[SourceDate "2006.11.23"]
[SourceVersion "1"]
[SourceVersionDate "2006.11.23"]
[SourceQuality "1"]

1. d4 Nf6 2. c4 e6 3. Nc3 Bb4 4. Nf3 0-0 5. Qd3 Bxc3+ 6. bxc3 b6 7. e4 d5 8. cxd5 Ba6 9. Qc2 Bxf1 10. Kxf1 exd5 11. e5 Ne4 12. Nd2 f5 13. Nxe4 fxe4 14. h4 Qd7 15. Qe2 Nc6 16. Ba3 Rf4 17. Kg1 Na5 18. Re1 c5 19. Bc1 Rg4 20. Rh3 Rf8 21. Kh1 Nc6 22. Be3 c4 23. Rf1 Qf5 24. Kh2 Ne7 25. h5 g5 26. f3 Rh4 27. Rxh4 gxh4 28. Bh6 Rf7 29. f4 Qe6 30. Bg5 Nf5 31. Qg4 Rg7 32. Qh3 Qf7 33. Bf6 Ng3 34. Qc8+ Qf8 35. Qxf8+ Kxf8 36. Bxg7+ Kxg7 37. Re1 Nxh5 38. f5 Ng3 39. f6+ Kf7 40. Kh3 Nf5 41. Rf1 Nh6 42. Kxh4 Ke6 43. g4 b5 44. a3 a5 45. Rb1 Nf7 46. Rxb5 e3 47. Rb2 h6 48. Re2 Ng5 49. Rxe3 Ne4 50. Kh5 Ng5 51. Kxh6 Nf7+ 52. Kg7 a4 53. Rg3 Ng5 54. Kg6 Nf7 55. Rh3 1-0

[Event "Croce di Magara op"]
[Site "Camigliatello"]
[Date "2005.09.10"]
[Round "2"]
[White "Amodei, Diego"]
[Black "Crivella, Manuel"]
[Result "1/2-1/2"]
[WhiteElo "1655"]
[BlackElo "1443"]
[PlyCount "79"]
[EventDate "2005.09.10"]
[EventType "swiss"]
[EventRounds "9"]
[EventCountry "ITA"]
[SourceTitle "EXT 2007"]
[Source "ChessBase"]
[SourceDate "2006.11.23"]
[SourceVersion "1"]
[SourceVersionDate "2006.11.23"]
[SourceQuality "1"]

1. d4 c6 2. c4 d5 3. Nc3 Nf6 4. Nf3 Nbd7 5. Bg5 e6 6. cxd5 exd5 7. e4 Be7 8. e5 Ne4 9. Bxe7 Qxe7 10. Qd3 Nxc3 11. Qxc3 c5 12. Bb5 c4 13. 0-0 a6 14. Ba4 0-0 15. Bc2 g6 16. Rfe1 Nb6 17. h3 Bd7 18. Qa5 Qe6 19. Qd2 Rac8 20. Qh6 f6 21. exf6 Qxf6 22. Re3 Qg7 23. Qh4 Rce8 24. Rae1 Rxe3 25. Rxe3 Qf6 26. Qg3 Qf4 27. Qxf4 Rxf4 28. g3 Rf7 29. Ng5 Rf8 30. Re7 h6 31. Ne6 Rf7 32. Rxf7 Kxf7 33. Nd8+ Kg7 34. Nxb7 Bxh3 35. Nd6 Kf6 36. Ne8+ Kf7 37. Nc7 a5 38. Nb5 Bf5 39. Bxf5 gxf5 40. f4 1/2-1/2

[Event "Croce di Magara op"]
[Site "Camigliatello"]
[Date "2005.09.10"]
[Round "1"]
[White "Gangemi, Salvatore"]
[Black "Amodei, Diego"]
[Result "1-0"]
[WhiteElo "2104"]
[BlackElo "1655"]
[PlyCount "85"]
[EventDate "2005.09.10"]
[EventType "swiss"]
[EventRounds "9"]
[EventCountry "ITA"]
[SourceTitle "EXT 2007"]
[Source "ChessBase"]
[SourceDate "2006.11.23"]
[SourceVersion "1"]
[SourceVersionDate "2006.11.23"]
[SourceQuality "1"]

1. c4 e6 2. Nf3 Nf6 3. Nc3 Be7 4. e4 d6 5. d4 c6 6. Bd3 Qc7 7. e5 dxe5 8. dxe5 Nfd7 9. Qe2 Na6 10. 0-0 0-0 11. Bf4 Ndc5 12. Bb1 Rd8 13. a3 g6 14. b4 Nb3 15. Ra2 Nd4 16. Nxd4 Rxd4 17. Bg3 Qd8 18. Ne4 Nc7 19. Nd6 Bxd6 20. exd6 Rxd6 21. Bxd6 Qxd6 22. Rd2 Qe7 23. Rfd1 e5 24. f4 Be6 25. Qxe5 Re8 26. g3 f6 27. Qd6 Bxc4 28. Qxe7 Rxe7 29. Rd7 Kf8 30. Rd8+ Kf7 31. R1d7 f5 32. Bc2 h5 33. Rxe7+ Kxe7 34. Rb8 Ba6 35. Bb3 Nd5 36. Bxd5 cxd5 37. b5 Bxb5 38. Rxb7+ Bd7 39. Rxa7 d4 40. Kf2 Kd6 41. Rxd7+ Kxd7 42. Ke2 Ke6 43. Kd3 1-0

[Event "Cutro op-B 11th"]
[Site "Cutro"]
[Date "2005.04.28"]
[Round "5"]
[White "Guzzo, Giovanni"]
[Black "Amodei, Diego"]
[Result "1-0"]
[WhiteElo "1777"]
[BlackElo "1634"]
[PlyCount "33"]
[EventDate "2005.04.23"]
[EventType "swiss"]
[EventRounds "5"]
[EventCountry "ITA"]
[SourceTitle "CBM 106 Extra"]
[Source "ChessBase"]
[SourceDate "2005.07.01"]
[SourceVersion "1"]
[SourceVersionDate "2005.07.01"]
[SourceQuality "1"]

1. Nf3 Nf6 2. g3 c6 3. Bg2 d5 4. d3 Bf5 5. 0-0 Nbd7 6. Nbd2 e6 7. b3 Qa5 8. Bb2 Bb4 9. a3 Bc3 10. b4 Bxb4 11. axb4 Qxb4 12. Rb1 Qa5 13. Bxf6 gxf6 14. Rxb7 Nb6 15. Qa1 Qxa1 16. Rxa1 a6 17. Rxb6 1-0

[Event "Cutro op-B 10th"]
[Site "Cutro"]
[Date "2004.04.28"]
[Round "4"]
[White "Paragliola, Gennaro"]
[Black "Amodei, Diego"]
[Result "1/2-1/2"]
[WhiteElo "1643"]
[BlackElo "1643"]
[PlyCount "75"]
[EventDate "2004.04.25"]
[EventType "swiss"]
[EventRounds "7"]
[EventCountry "ITA"]
[SourceTitle "EXT 2023"]
[Source "ChessBase"]
[SourceDate "2022.10.05"]
[SourceVersion "1"]
[SourceVersionDate "2022.10.05"]
[SourceQuality "1"]

1. d4 e6 2. c4 b6 3. Nc3 Bb7 4. Nf3 Nf6 5. Bg5 Be7 6. e3 0-0 7. Bd3 d6 8. Qc2 Nbd7 9. e4 e5 10. d5 Nc5 11. b4 Nxd3+ 12. Qxd3 a5 13. b5 Bc8 14. h3 Nd7 15. Be3 Kh8 16. 0-0 Rg8 17. Nh2 Bg5 18. f4 Bxf4 19. Bxf4 exf4 20. Rxf4 Ne5 21. Qe2 Qg5 22. Raf1 Bxh3 23. Kh1 Bd7 24. R4f2 Qg3 25. Nd1 Ng4 26. Nxg4 Bxg4 27. Qe3 Qh4+ 28. Kg1 Bxd1 29. Rxd1 f6 30. Rdf1 Rae8 31. Rf4 Qh6 32. Qg3 Re5 33. Rh4 Rh5 34. Rff4 Rxh4 35. Rxh4 Qc1+ 36. Kh2 Re8 37. Qg6 Qf4+ 38. Kg1 1/2-1/2